000 00585cam a22002053a 4500
001 43906
003 PGUSA
005 20140828084012.0
008 131008s2013||||xxu|||||s|||||000 | eng d
040 _aPGUSA
_beng
042 _adc
100 1 _aBannerman, Helen,
_d1862-1946
245 1 4 _aThe Story of the Teasing Monkey
_h[electronic resource] /
_cHelen Bannerman
260 _bProject Gutenberg,
_c2013
506 _aPublic domain in the USA.
516 _aElectronic text
830 0 _aProject Gutenberg
_v43906
856 4 0 _uhttp://www.gutenberg.org/ebooks/43906
942 _cEB
999 _c273157
_d273157